| 000 | 01420nam a2200325 i 4500 | ||
|---|---|---|---|
| 003 | EG-GICUC | ||
| 005 | 20260121101430.0 | ||
| 008 | 251204s1964 ua ||||fr|||| 00| 0 ara d | ||
| 040 |
_a EG-GICUC _bara _c EG-GICUC _d EG-GICUC _erda |
||
| 041 | 0 | _aara | |
| 082 | 0 | 4 |
_221 _a345.3201 _bم ح . ن |
| 092 | 0 | 4 | _221 |
| 099 | _aLaw1 07 345.3201 م ح . ن 1 ed - 1964 | ||
| 100 | 0 |
_aمحمود محمد حافظ _eمؤلف. |
|
| 245 | 1 | 0 |
_aنظرية المرفق العام. _nالجزء الأول / _cالدكتور محمود محمد حافظ. |
| 264 | 1 |
_aالقاهرة : _bدار النهضة العربية، _c1964. |
|
| 300 |
_a146 ؛صفحة _c24 سم. |
||
| 336 |
_2rda content _atext |
||
| 337 |
_2rda media _aComputer |
||
| 338 |
_2rda carrier _aOnline Resource |
||
| 504 | _aيشتمل على إرجاعات ببليوجرافية. | ||
| 505 | _aفكرة المرفق العام : نشأتها : تحديدها به تطورها انشاء المرافق العامة .. وتنظيمها والغاؤها : أنواع المرافق العامة. | ||
| 546 | _aالنص أغلبه باللغة العربية مع بعض النصوص الفرنسية | ||
| 650 | 1 | 4 | _aفلسفة ونظريات |
| 650 | 1 | 4 | _aالمرافق العامة |
| 650 | 1 | 4 | _aالقانون الإداري |
| 856 | 4 | 0 | _uhttps://fll.law.cu.edu.eg/fulltext/bks/B07-01335.pdf |
| 905 |
_a32 _eYara |
||
| 942 |
_2ddc _cBK _e21 _n0 |
||
| 999 |
_c48372 _d48372 |
||